English for life : Class Audio CDs: Beginner

Enregistré dans:
Détails bibliographiques
Auteur principal: Hutchinson, Tom
Format: Livre
Langue:Undetermined
Publié: Oxford Oxford University Press 2007
Sujets:
Tags: Ajouter un tag
Pas de tags, Soyez le premier à ajouter un tag!
Thư viện lưu trữ: Trung tâm Học liệu Trường Đại học Cần Thơ
LEADER 00612nam a2200217Ia 4500
001 CTU_134297
008 210402s9999 xx 000 0 und d
020 |c 97000 
082 |a 428.24 
082 |b H978/CD.1 
100 |a Hutchinson, Tom 
245 0 |a English for life : 
245 0 |b Class Audio CDs: Beginner 
245 0 |c Tom Hutchinson 
260 |a Oxford 
260 |b Oxford University Press 
260 |c 2007 
650 |a English language,Listening,Tiếng Anh thực hành,Kỹ năng nghe 
904 |i Giang 
915 |a 400 
980 |a Trung tâm Học liệu Trường Đại học Cần Thơ